LEADER 01941oam 2200577 450 001 9910704875103321 005 20150526084045.0 035 $a(CKB)5470000002444982 035 $a(OCoLC)857724169 035 $a(EXLCZ)995470000002444982 100 $a20130906d2013 ua 0 101 0 $aeng 135 $aur||||||||||| 181 $ctxt$2rdacontent 182 $cc$2rdamedia 183 $acr$2rdacarrier 200 14$aThe economic outlook $ehearing before the Joint Economic Committee, Congress of the United States, One Hundred Thirteenth Congress, first session, May 22, 2013 210 1$aWashington :$cU.S. Government Printing Office,$d2013. 215 $a1online resource (iii, 41 pages) 225 1 $aS. hrg. ;$v113-62 300 $aTitle from title screen (viewed on September 6, 2013). 300 $aPaper version available for sale by the Superintendent of Documents, United States Government Printing Office. 320 $aIncludes bibliographical references. 517 $aEconomic outlook 606 $aFinancial crises$zUnited States 606 $aEconomic stabilization$zUnited States 606 $aEconomic history$2fast 606 $aEconomic policy$2fast 606 $aEconomic stabilization$2fast 606 $aFinancial crises$2fast 607 $aUnited States$xEconomic conditions$y2009- 607 $aUnited States$xEconomic policy$y2009- 607 $aUnited States$2fast 608 $aLegislative hearings.$2lcgft 615 0$aFinancial crises 615 0$aEconomic stabilization 615 7$aEconomic history. 615 7$aEconomic policy. 615 7$aEconomic stabilization. 615 7$aFinancial crises. 801 0$bGPO 801 1$bGPO 801 2$bGPO 801 2$bOCLCF 801 2$bOCLCO 801 2$bOCLCA 801 2$bGPO 906 $aBOOK 912 $a9910704875103321 996 $aThe economic outlook$93129303 997 $aUNINA LEADER 01756nam2 22003251i 450 001 UON00512332 005 20231205105505.405 010 $a978-88-336-4282-6 100 $a20230314d2020 |0itac50 ba 101 $aita 102 $aIT 105 $a|||| 1|||| 200 1 $aDialetti emiliani$fDaniele Vitali$gprefazione di Luciano Giannelli$gappendice e consulenza fonetica di Luciano Canepari 210 $aBologna$cPendragon$d2020 215 $a556 p.$d25 cm 461 1$1001UON00512903$12001 $aDialetti emiliani e dialetti toscani$ele interazioni linguistiche fra Emilia-Romagna e Toscana e con Liguria, Lunigiana e Umbria$fDaniele Vitali$gprefazione di Luciano Giannelli$gappendice e consulenza fonetica di Luciano Canepari$1210 $aBologna$cPendragon$d2020$1215 $a4 v.$d25 cm$v2 606 $aDIALETTI EMILIANI$3UONC100901$2FI 620 $aIT$dBologna$3UONL000085 676 $a457.4$cLingua italiana. Varianti geografiche. regione Emilia-Romagna e San Marino$v22 700 1$aVITALI$bDaniele$3UONV057908$0184186 702 1$aCanepari$bLuciano$3UONV061310 702 1$aGIANNELLI$bLuciano$3UONV066347 712 $aPendragon$3UONV264515$4650 801 $aIT$bSOL$c20260206$gRICA 899 $aSIBA - SISTEMA BIBLIOTECARIO DI ATENEO E ARCHIVIO STORICO$2UONSI 912 $aUON00512332 950 $aSIBA - SISTEMA BIBLIOTECARIO DI ATENEO E ARCHIVIO STORICO$dSI LeItalie II VIT 2 $eSI 41237 5 2 951 $aSIBA - SISTEMA BIBLIOTECARIO DI ATENEO E ARCHIVIO STORICO$bSI2023237 1J 20230314Bolla di consegna n. 28 del 17.3.2023 996 $aDialetti emiliani$93894490 997 $aUNIOR